|
|
|
|
| LEADER |
00965nam a2200229 a 4500 |
| 001 |
31872 |
| 003 |
BD-DhAAL |
| 005 |
20211207114140.0 |
| 008 |
170719s2016 bg ||||| ||||f00| 0 eng d |
| 999 |
|
|
|c 38179
|d 38179
|
| 040 |
|
|
|a BD-DhAAL
|c BD-DhAAL
|
| 082 |
|
|
|2 23
|a 354.549200722
|
| 245 |
|
|
|a Skills development :
|b a priority agenda for accelerated growth /
|
| 260 |
|
|
|a Dhaka :
|b Finance division, Ministry of finance, Government of the People's Republic of Bangladesh.
|c 2016
|
| 300 |
|
|
|a 68 pages :
|b illustrations ;
|c 25 cm.
|
| 526 |
|
|
|a ESS
|
| 541 |
|
|
|e 31872
|
| 650 |
|
|
|a Budget
|z Bangladesh.
|9 21821
|
| 650 |
|
|
|a Economics.
|9 43480
|
| 710 |
|
|
|a Finance division, Ministry of finance, Government of the People's Republic of Bangladesh.
|9 21822
|
| 942 |
|
|
|2 ddc
|c BK
|
| 952 |
|
|
|0 0
|1 0
|2 ddc
|4 0
|6 354_549200722000000_SKI
|7 0
|9 60871
|a BRACUL
|b BRACUL
|c GEN
|d 2017-07-04
|e Lucky Book Seller
|g 80.00
|l 1
|m 6
|o 354.549200722 SKI
|p 3010031872
|r 2020-01-12
|s 2019-10-10
|t 1
|v 80.00
|w 2017-07-04
|y BK
|